000 00230nam a2200085 4500
999 _c524680
_d524680
082 _aG1x54 In2m/2019
245 _aMembers of seventeenth Loksabha: A brief introduction
260 _a2019
_bLoksabha Secretariat
_c2019
300 _a332p